000 00963cab a2200265 4500
001 ABS45259
008 090401t1991 xxu||||| |||| 00| 0 eng d
035 _a(Sirsi) u51886
041 _aeng
100 _aPugh, T.
245 _aIgnore environment at your peril
260 _c1991
350 _a0
490 _aChartered Surveyor Weekly
_v37(3) 17 October 1991, 22-23(2)
520 _aHighlights the environmental issues under Environmental Protection Act 1990 which developers need to look at when considering development and focuses on Sheffield Development Corporation`s cleaning of contaminated sites in the Lower Don Valley.
650 _aCONTAMINATED LAND
650 _aENVIRONMENTAL IMPACT ASSESSMENTS
650 _aENVIRONMENTAL PROTECTION ACT 1990
650 _aLAND RECLAMATION
650 _aREGISTERS
690 _aPROPERTY-PROPERTY DEVELOPMENT
690 _aENVIRONMENTAL AND LAND CONSULTANCY
942 _n0
948 _c04/03/1997
999 _c32190
_d32190